| 000 | 00000cam##2200000za#4500 |
| 001 | 9.610555 |
| 003 | CaOODSP |
| 005 | 20251208100731 |
| 007 | ta |
| 008 | 150406|1993||||xxc||||| f|0| 0 eng|d |
| 020 | |a0-662-20862-5 |
| 040 | |aCaOODSP|beng |
| 043 | |an-cn--- |
| 086 | 1 |aFo29-6/22-1993E |
| 110 | 1 |aCanada.|bForests Canada. |
| 245 | 10|aGreen-striped forest looper / |cby Peter Koot. |
| 260 | |aVictoria - British Columbia : |bForests Canada |c1993. |
| 300 | |a3p. : |billus., references ; |c28 cm. |
| 490 | 1 |aForest pest leaflet|v22 |
| 563 | |aSoftcover |
| 720 | 1 |aKoot, Peter |
| 776 | 0#|tGreen-striped forest looper / |w(CaOODSP)9.573473 |
| 830 | #0|aForest pest leaflet ;|v22|w(CaOODSP)9.514653 |